000 00615nam a2200205Ia 4500
005 20250923145108.0
008 008 250917s9999 xx 000 0 eng d
037 _aTextual
040 _aDSWL
_beng
_cDSWL
041 _aeng
_2eng
084 _aB28, N56
_qDSWL
100 _aSiegel, Sidney
_9831754
245 0 _aNonparametric statistics for the behavioral science
_cby Sidney Siegel
260 _aNew York
_b McGraw Hill International Student Education
_c1956
300 _avi,231 p.
365 _aUSD
_b2.5
925 _g2.5
942 _cTEXL
_hB28, N56
999 _c1447031
_d1447031